000 00892nam a2200253 a 4500
001 000015116
003 DO-SdBNP
005 20250621074005.0
007 ta
008 100201s2005 dr c 000 0 spa d
040 _aDO-SdBNP
_bspa
_cBNPHU
082 _a322.4
_bL864p
_222
100 1 _aLópez Reyes, Oscar
_9750
245 1 0 _aPoblada y matanza (1984) :
_btres días de protestas y otros relatos /
_cOscar López Reyes.
260 _aSanto Domingo :
_bBanco Central de la República Dominicana,
_c2005.
300 _a129 p. :
_bretrs. ;
_c21 cm.
500 _aIncluye datos biográfico del autor en las solapas
590 _aInventariado, 2023 / DG
650 0 _aMovimientos sociales
_zRepública Dominicana
_923226
_2LEMB
651 4 _aRepública Dominicana
_xCondiciones Sociales
_946
651 0 _aRepública Dominicana
_xPolítica y gobierno
_945
910 _aDG
942 _2ddc
_cLBS1
999 _c14688
_d14688